| 000 | 00771nam a22002414a 4500 | ||
|---|---|---|---|
| 001 | ESSALUD | ||
| 007 | ta | ||
| 008 | t2013 pe gr 00| 0 spa d | ||
| 040 | _aESSALUD | ||
| 041 | _aspa | ||
| 043 | _cpe | ||
| 082 |
_a657.3 _bP84E/2011-2012 |
||
| 110 |
_aPortal Vega & Asociados _eautor _952888 |
||
| 245 | _aSeguro Social de Salud - EsSalud, fondo común de administración - AFESSALUD : estados financieros al 31 de diciembre de 2012 y 2011 | ||
| 250 | _a1 ed. | ||
| 260 |
_aLima : _bPortal Vega & Asociados, _c2013 |
||
| 300 | _a33 páginas | ||
| 650 |
_aESTADOS FINANCIEROS _93290 |
||
| 650 |
_aSEGURIDAD SOCIAL _92070 |
||
| 650 |
_aPERÚ _913 |
||
| 710 |
_aEspinoza y Asociados auditores consultores _eautor _952885 |
||
| 942 |
_cBK _e2026-06-25 _zAFC |
||
| 999 |
_c22556 _d22556 |
||